LEADER 00713cam1 22002291 450 001 SOBE00047200 005 20150709090531.0 100 $a20150515g00009999|||||ita|0103 ba 101 $aita 102 $aIT 200 1 $aOpere$fdi Giuseppe Ceva Grimaldi 210 $aNapoli$cStamperia Reale 215 $aVolumi$d22 cm 463 1$1001SOBE00047201$12000 $a1 / di Giuseppe Ceva Grimaldi 463 1$1001SOBE00047202$12000 $a2 / di Giuseppe Ceva Grimaldi 700 1$aCeva Grimaldi$b, Giuseppe $3SOBA00011181$4070$036256 801 0$aIT$bBEM$c20150709$gRICA 912 $aSOBE00047200 940 $aM 102 Monografia moderna SBN 941 $aM 996 $aOpere$91709142 997 $aUNISOB LEADER 00932nam 2200337 450 001 9910812825003321 005 20230721045534.0 010 $a0-8264-4082-7 035 $a(MiAaPQ)EBC2084955 035 $a(EXLCZ)992670000000602389 100 $a20070910h20082008 uy| 0 101 0 $aeng 135 $aurun#|||uuuuu 200 10$aLesson planning /$fGraham Butt 205 $a3rd ed. 210 $aLondon $cContinuum$d2008 215 $avi, 156p. ;$cill 300 $aDescription based upon print version of record. 311 $a0-8264-9962-7 311 $a1-336-21040-0 320 $aIncludes bibliographical references (pages [150]-152) and index. 606 $aLesson planning 615 0$aLesson planning. 676 $a371.3028 700 $aButt$b Graham$0864349 801 0$bMiAaPQ 801 2$bt 906 $aBOOK 912 $a9910812825003321 996 $aLesson planning$93985138 997 $aUNINA